Car Models 13 - Statistics

General Stats
  • This quiz has been taken 31 times
  • The average score is 8 of 16
Answer Stats
Picture Answer % Correct
BMW X5
85%
Volkswagen Polo
73%
Alfa Romeo 8C
69%
Citroën C3
65%
Ferrari Purosangue
65%
Suzuki Swift
65%
Hummer H1
62%
Lamborghini Temerario
54%
Mitsubishi Pajero
54%
Ford Explorer
46%
Toyota Land Cruiser
38%
TVR Sagaris
38%
Fiat 126
27%
Isuzu D-Max
27%
Honda City
23%
Morgan Plus Four
12%
No matching quizzes found
Score Distribution
Percent of People with Each Score
Percentile by Number Answered
Your Score History
You have not taken this quiz